[Event "SVK-ch U14"]
[Site "Tatralandia"]
[Date "2024.04.12"]
[Round "9"]
[White "Kulich, Filip"]
[Black "Dolnik, Michal"]
[Result "1-0"]
[WhiteElo "2014"]
[BlackElo "1752"]
[PlyCount "87"]
[EventDate "2024.04.05"]
[EventType "swiss"]
[EventRounds "9"]
[EventCountry "SVK"]
[SourceTitle "CB16_2024"]
[SourceDate "2024.04.17"]
[SourceVersion "1"]
[SourceVersionDate "2024.04.17"]
[SourceQuality "1"]

1. d4 Nf6 2. c4 d5 3. cxd5 Nxd5 4. e4 Nb6 5. Nc3 c6 6. Be3 g6 7. a4 Bg7 8. a5 N6d7 9. Bc4 Nf6 10. f3 Na6 11. Nge2 Nc7 12. 0-0 Be6 13. Bxe6 Nxe6 14. Qa4 0-0 15. a6 Qb6 16. axb7 Qxb7 17. Rfc1 Rfd8 18. Nd1 Ne8 19. Rxc6 Nxd4 20. Nxd4 Bxd4 21. Bxd4 Rxd4 22. Rxg6+ hxg6 23. Qxd4 Nd6 24. Ne3 Nb5 25. Qd3 Qb6 26. Rd1 Kg7 27. Kf1 e6 28. e5 Rc8 29. Ng4 Qc5 30. Qd2 Kf8 31. Nf6 Kg7 32. Ng4 Kf8 33. b4 Qc4+ 34. Kg1 Nc3 35. Re1 Qxb4 36. h4 Qc5+ 37. Kh2 Nd5 38. Rb1 Qc4 39. Kg3 Ke7 40. Nf6 Qc6 41. Ne4 Qc2 42. Rb7+ Kd8 43. Qg5+ Ke8 44. Nd6+ 1-0

[Event "SVK-ch U14"]
[Site "Tatralandia"]
[Date "2024.04.10"]
[Round "7"]
[White "Kulich, Filip"]
[Black "Meszaros, Casey Ryan"]
[Result "1-0"]
[WhiteElo "2014"]
[BlackElo "1999"]
[PlyCount "111"]
[EventDate "2024.04.05"]
[EventType "swiss"]
[EventRounds "9"]
[EventCountry "SVK"]
[SourceTitle "CB16_2024"]
[SourceDate "2024.04.17"]
[SourceVersion "1"]
[SourceVersionDate "2024.04.17"]
[SourceQuality "1"]

1. e4 c5 2. c3 Nf6 3. e5 Nd5 4. Nf3 d6 5. exd6 e6 6. d4 cxd4 7. cxd4 Bxd6 8. Nc3 0-0 9. g3 b6 10. Bd3 Nd7 11. 0-0 Bb7 12. Re1 h6 13. Bd2 N7f6 14. Bf1 Rc8 15. Rc1 Nxc3 16. Bxc3 Ne4 17. Bg2 Nxc3 18. bxc3 Ba3 19. Rc2 Bc6 20. Qd3 Ba4 21. Rce2 Qc7 22. Re3 Bb2 23. Rb1 Ba3 24. Ne5 Bd6 25. f4 Rfe8 26. Rbe1 Bxe5 27. fxe5 Qc4 28. Qd2 Red8 29. g4 Bc6 30. Rg3 Bxg2 31. Qxg2 Qd5 32. Qf2 g6 33. Rh3 Kf8 34. Rxh6 Ke7 35. Qf6+ Kd7 36. Qxf7+ Kc6 37. Rxg6 Re8 38. Qf2 Re7 39. Qg2 Qxg2+ 40. Kxg2 Kd5 41. Re3 Rec7 42. h4 Rxc3 43. Rxc3 Rxc3 44. h5 Rc2+ 45. Kg3 Rxa2 46. h6 Ra1 47. Rg5 Ke4 48. h7 Ra3+ 49. Kh4 Ra1 50. Kh5 Rh1+ 51. Kg6 Rxh7 52. Kxh7 b5 53. Rg8 Kxd4 54. g5 b4 55. g6 Kxe5 56. g7 1-0

[Event "SVK-ch U14"]
[Site "Tatralandia"]
[Date "2024.04.08"]
[Round "5"]
[White "Kulich, Filip"]
[Black "Livnansky, Michal"]
[Result "1-0"]
[WhiteElo "2014"]
[BlackElo "1838"]
[PlyCount "69"]
[EventDate "2024.04.05"]
[EventType "swiss"]
[EventRounds "9"]
[EventCountry "SVK"]
[SourceTitle "CB16_2024"]
[SourceDate "2024.04.17"]
[SourceVersion "1"]
[SourceVersionDate "2024.04.17"]
[SourceQuality "1"]

1. e4 e6 2. d4 d5 3. Nc3 Nf6 4. e5 Nfd7 5. Nce2 c5 6. c3 Nc6 7. a3 b5 8. f4 Rb8 9. Nf3 Be7 10. Ng3 g6 11. Bd3 Qb6 12. Be3 c4 13. Bc2 a5 14. 0-0 Ba6 15. Ne2 b4 16. axb4 axb4 17. Qd2 Qb7 18. g4 Nb6 19. Ng3 Kd7 20. f5 Bb5 21. fxe6+ fxe6 22. Bg5 Ra8 23. Rxa8 Rxa8 24. Bxe7 Nxe7 25. Ng5 Ba4 26. Bb1 bxc3 27. bxc3 Rh8 28. Qb2 Bb3 29. Rf6 Na4 30. Qa3 Bd1 31. Qd6+ Kc8 32. Rxe6 Bxg4 33. Rxe7 Qxb1+ 34. Nf1 Qb6 35. Qxd5 1-0

[Event "SVK-ch U14"]
[Site "Tatralandia"]
[Date "2024.04.07"]
[Round "3"]
[White "Kulich, Filip"]
[Black "Shykhnenko, Hryhorii"]
[Result "0-1"]
[WhiteElo "2014"]
[BlackElo "1821"]
[PlyCount "86"]
[EventDate "2024.04.05"]
[EventType "swiss"]
[EventRounds "9"]
[EventCountry "SVK"]
[SourceTitle "CB16_2024"]
[SourceDate "2024.04.17"]
[SourceVersion "1"]
[SourceVersionDate "2024.04.17"]
[SourceQuality "1"]

1. e4 c5 2. Nf3 e6 3. g3 d5 4. exd5 exd5 5. d4 c4 6. Bg2 Bd6 7. 0-0 Ne7 8. Re1 f6 9. Nc3 Nbc6 10. Nh4 Bb4 11. Bxd5 Kf8 12. Bxc4 Qxd4 13. Qxd4 Nxd4 14. Rd1 Nec6 15. Bb3 g5 16. Ng2 Bg4 17. Rd3 Ne5 18. Rxd4 Nf3+ 19. Kh1 Nxd4 20. Nd5 Rd8 21. Nde3 Bf3 22. c3 Nxb3 23. axb3 Bc5 24. h3 Bxe3 25. Bxe3 Rd1+ 26. Rxd1 Bxd1 27. Bxa7 Bxb3 28. Ne3 Kf7 29. Bd4 Ke6 30. f4 Ra8 31. f5+ Kf7 32. Ng4 Ra6 33. Kg2 h5 34. Ne3 Ra2 35. c4 Ra4 36. Nd5 Rxc4 37. Bc3 Rc5 38. Nxf6 Rxc3 39. bxc3 Kxf6 40. g4 hxg4 41. hxg4 Bd1 42. Kg3 Bc2 43. c4 b6 0-1

[Event "SVK-ch U14"]
[Site "Tatralandia"]
[Date "2024.04.07"]
[Round "4"]
[White "Toth, Peter8"]
[Black "Kulich, Filip"]
[Result "0-1"]
[WhiteElo "1655"]
[BlackElo "2014"]
[PlyCount "62"]
[EventDate "2024.04.05"]
[EventType "swiss"]
[EventRounds "9"]
[EventCountry "SVK"]
[SourceTitle "CB16_2024"]
[SourceDate "2024.04.17"]
[SourceVersion "1"]
[SourceVersionDate "2024.04.17"]
[SourceQuality "1"]

1. e4 c5 2. Nf3 e6 3. c3 Nf6 4. e5 Nd5 5. d4 cxd4 6. cxd4 d6 7. Nc3 Nc6 8. Nxd5 exd5 9. Bf4 dxe5 10. Bxe5 Bb4+ 11. Nd2 Qe7 12. Qe2 f6 13. Bxf6 Qxe2+ 14. Bxe2 gxf6 15. Bh5+ Kf8 16. Rd1 Rg8 17. 0-0 Rg5 18. Bf3 Nxd4 19. Kh1 Bxd2 20. Rxd2 Nxf3 21. gxf3 Bh3 22. Rg1 Rxg1+ 23. Kxg1 Re8 24. Rd1 Re2 25. Rb1 d4 26. f4 d3 27. f3 d2 28. Rd1 Re1+ 29. Kf2 Rxd1 30. Ke2 Rb1 31. Kxd2 Rxb2+ 0-1

[Event "SVK-ch U14"]
[Site "Tatralandia"]
[Date "2024.04.05"]
[Round "1"]
[White "Kulich, Filip"]
[Black "Bartelt, Tobias"]
[Result "1-0"]
[WhiteElo "2014"]
[BlackElo "1573"]
[PlyCount "64"]
[EventDate "2024.04.05"]
[EventType "swiss"]
[EventRounds "9"]
[EventCountry "SVK"]
[SourceTitle "CB16_2024"]
[SourceDate "2024.04.17"]
[SourceVersion "1"]
[SourceVersionDate "2024.04.17"]
[SourceQuality "1"]

1. e4 d5 2. exd5 Qxd5 3. Nc3 Qa5 4. d4 c6 5. Nf3 Bg4 6. h3 Bh5 7. g4 Bg6 8. Ne5 Nf6 9. Bg2 Be4 10. f3 Bg6 11. 0-0 e6 12. h4 h6 13. Nxg6 fxg6 14. Re1 Be7 15. Rxe6 Kf7 16. Qe2 Re8 17. Bd2 Qd8 18. Qc4 Nd5 19. Rae1 Na6 20. R6e5 Nac7 21. h5 Bf6 22. hxg6+ Kxg6 23. Rxe8 Nxe8 24. Nxd5 Qxd5 25. Qxd5 cxd5 26. c3 Nc7 27. f4 Kf7 28. g5 hxg5 29. fxg5 Be7 30. Bf4 Na6 31. Bxd5+ Kf8 32. Bxb7 Rb8 1-0

[Event "Valasska Bystrice op"]
[Site "Valasska Bystrice"]
[Date "2023.09.10"]
[Round "3"]
[White "Svec, Ludek"]
[Black "Kulich, Filip"]
[Result "1/2-1/2"]
[WhiteElo "1631"]
[BlackElo "2067"]
[PlyCount "60"]
[EventDate "2023.09.09"]
[EventType "swiss"]
[EventRounds "9"]
[EventCountry "CZE"]
[SourceTitle "EXT 2024"]
[Source "ChessBase"]
[SourceDate "2023.10.10"]
[SourceVersion "1"]
[SourceVersionDate "2023.10.10"]
[SourceQuality "1"]

1. d4 d5 2. Nf3 Nf6 3. g3 Bf5 4. Bg2 e6 5. 0-0 Be7 6. c4 c6 7. Nc3 Nbd7 8. Nh4 Bg6 9. Nxg6 hxg6 10. Qd3 dxc4 11. Qxc4 Nb6 12. Qd3 Qd7 13. Bg5 Rd8 14. Rad1 Rh5 15. h4 Nfd5 16. Bxe7 Qxe7 17. Bf3 Rh8 18. e4 Nf6 19. e5 Nfd5 20. Ne4 Kf8 21. Qb3 a5 22. a3 Kg8 23. Qc2 Nd7 24. Nd6 Nf8 25. Qc5 g5 26. hxg5 Qxg5 27. Qc1 Qxc1 28. Rxc1 Rd7 29. Rc5 a4 30. Rfc1 f6 1/2-1/2

[Event "Stare Mesto op"]
[Site "Stare Mesto"]
[Date "2023.08.11"]
[Round "7"]
[White "Zpevak, Pavel"]
[Black "Kulich, Filip"]
[Result "1/2-1/2"]
[WhiteElo "2338"]
[BlackElo "2031"]
[PlyCount "47"]
[EventDate "2023.08.05"]
[EventType "swiss"]
[EventRounds "9"]
[EventCountry "CZE"]
[SourceTitle "EXT 2024"]
[Source "ChessBase"]
[SourceDate "2023.10.10"]
[SourceVersion "1"]
[SourceVersionDate "2023.10.10"]
[SourceQuality "1"]

1. d4 Nf6 2. Nf3 e6 3. c4 d5 4. Nc3 a6 5. Bg5 Be7 6. e3 dxc4 7. Bxc4 b5 8. Bd3 Bb7 9. Qc2 h6 10. Bxf6 Bxf6 11. Be4 Bxe4 12. Nxe4 Be7 13. 0-0 0-0 14. a4 b4 15. Rfc1 Bd6 16. a5 Nd7 17. Nxd6 cxd6 18. Qa4 Nf6 19. Qxb4 Rb8 20. Qc4 Rb5 21. Qc6 Rxb2 22. Qxa6 Ne4 23. Qd3 Nxf2 24. Qa3 1/2-1/2

[Event "Stare Mesto op"]
[Site "Stare Mesto"]
[Date "2023.08.05"]
[Round "1"]
[White "Kulich, Filip"]
[Black "Bazantova, Marie"]
[Result "1-0"]
[WhiteElo "2031"]
[BlackElo "1788"]
[PlyCount "59"]
[EventDate "2023.08.05"]
[EventType "swiss"]
[EventRounds "9"]
[EventCountry "CZE"]
[SourceTitle "EXT 2024"]
[Source "ChessBase"]
[SourceDate "2023.10.10"]
[SourceVersion "1"]
[SourceVersionDate "2023.10.10"]
[SourceQuality "1"]

1. e4 c5 2. c3 Nf6 3. e5 Nd5 4. d4 cxd4 5. Nf3 e6 6. cxd4 d6 7. Bc4 dxe5 8. dxe5 Bb4+ 9. Bd2 Bxd2+ 10. Qxd2 0-0 11. 0-0 Ne7 12. Qc2 Ng6 13. Nc3 Nc6 14. Qe4 a6 15. Rfe1 Qe7 16. h4 Rd8 17. h5 Nf8 18. Rad1 Rxd1 19. Rxd1 Bd7 20. Bd3 Rb8 21. h6 g6 22. Qf4 Nb4 23. Be4 Bc6 24. Ng5 Be8 25. Bf3 Nd7 26. Rd6 Nc6 27. Bxc6 bxc6 28. b3 Rb6 29. Nce4 Nf8 30. Qf6 1-0

[Event "SVK-ch Amateurs"]
[Site "Liptovsky Jan"]
[Date "2023.06.16"]
[Round "4"]
[White "Holly, Andrej"]
[Black "Kulich, Filip"]
[Result "1-0"]
[WhiteElo "2158"]
[BlackElo "2028"]
[PlyCount "67"]
[EventDate "2023.06.15"]
[EventType "swiss"]
[EventRounds "8"]
[EventCountry "SVK"]
[SourceTitle "CBM 214 Extra"]
[Source "ChessBase"]
[SourceDate "2023.07.31"]
[SourceVersion "1"]
[SourceVersionDate "2023.07.31"]
[SourceQuality "1"]

1. e4 d5 2. exd5 Qxd5 3. Nc3 Qd8 4. d4 Nf6 5. Bc4 c6 6. Nf3 Bf5 7. 0-0 e6 8. h3 Be7 9. Bf4 Nbd7 10. Bb3 0-0 11. Nh4 Bg6 12. Nxg6 hxg6 13. Qf3 Nb6 14. Rad1 Nbd5 15. Bg3 Qd7 16. Ne2 Rfd8 17. c4 Nb6 18. Rd3 a5 19. a3 a4 20. Ba2 Ra5 21. Rfd1 Rf5 22. Qe3 Nc8 23. Be5 Rh5 24. Nf4 Rh4 25. d5 exd5 26. cxd5 Re8 27. Nxg6 Re4 28. Qf3 c5 29. d6 Bd8 30. Bxf6 Re1+ 31. Kh2 Rxd1 32. Qxd1 Qf5 33. d7 Bc7+ 34. Kg1 1-0

[Event "SVK-ch Amateurs"]
[Site "Liptovsky Jan"]
[Date "2023.06.15"]
[Round "2"]
[White "Holicky, Miroslav"]
[Black "Kulich, Filip"]
[Result "0-1"]
[WhiteElo "1763"]
[BlackElo "2028"]
[PlyCount "96"]
[EventDate "2023.06.15"]
[EventType "swiss"]
[EventRounds "8"]
[EventCountry "SVK"]
[SourceTitle "CBM 214 Extra"]
[Source "ChessBase"]
[SourceDate "2023.07.31"]
[SourceVersion "1"]
[SourceVersionDate "2023.07.31"]
[SourceQuality "1"]

1. e4 c5 2. Nf3 e6 3. d4 cxd4 4. Nxd4 Nf6 5. Bd3 Nc6 6. Nb3 d5 7. exd5 Nxd5 8. a3 Be7 9. Bd2 Bf6 10. Bc3 Nxc3 11. Nxc3 0-0 12. Be4 Qc7 13. Qe2 Bd7 14. Rd1 Rfd8 15. Qe3 Ne5 16. Qc5 Bc6 17. Rxd8+ Rxd8 18. Bxc6 Nxc6 19. 0-0 Qf4 20. Rd1 Rxd1+ 21. Nxd1 h6 22. Qe3 Qd6 23. Qd3 Qxd3 24. cxd3 Ne5 25. Nc1 Bg5 26. Ne3 Ng4 27. h4 Bxe3 28. fxe3 Nxe3 29. Kh2 Kf8 30. Kg3 Nf5+ 31. Kg4 Ke7 32. Ne2 Kd6 33. Kh3 Ke5 34. g4 Nd4 35. Ng3 b6 36. g5 hxg5 37. hxg5 g6 38. Ne4 Kf4 39. Nd6 Kxg5 40. Nxf7+ Kf4 41. a4 Nc6 42. Nd6 Ke3 43. Nc8 Kxd3 44. b4 Nxb4 45. Nxa7 e5 46. Kg2 e4 47. Kf1 e3 48. Nb5 e2+ 0-1

[Event "Tatry op"]
[Site "Tatranske Matliare"]
[Date "2023.05.25"]
[Round "7"]
[White "Kulich, Filip"]
[Black "Kalisky, Vladimir"]
[Result "1/2-1/2"]
[WhiteElo "1999"]
[BlackElo "2129"]
[PlyCount "95"]
[EventDate "2023.05.20"]
[EventType "swiss"]
[EventRounds "9"]
[EventCountry "SVK"]
[SourceTitle "CBM 214 Extra"]
[Source "ChessBase"]
[SourceDate "2023.07.31"]
[SourceVersion "1"]
[SourceVersionDate "2023.07.31"]
[SourceQuality "1"]

1. e4 e5 2. Nf3 Nc6 3. d4 exd4 4. Nxd4 Bc5 5. Nb3 Bb6 6. Nc3 Qf6 7. Qe2 Nge7 8. Nd5 Nxd5 9. exd5+ Ne7 10. h4 h6 11. a4 a6 12. Be3 Bxe3 13. Qxe3 d6 14. 0-0-0 0-0 15. f3 Bd7 16. g4 Ng6 17. g5 Rae8 18. gxf6 Rxe3 19. fxg7 Kxg7 20. Nd4 Nf4 21. Bc4 Kf6 22. a5 Rg8 23. Rde1 Rxe1+ 24. Rxe1 Rg2 25. Re4 Ng6 26. h5 Ne5 27. Be2 Rh2 28. Re3 Rxh5 29. Rb3 c5 30. Rxb7 cxd4 31. f4 Rh2 32. fxe5+ dxe5 33. Rxd7 Rxe2 34. Rd6+ Ke7 35. Rxh6 e4 36. Kd1 Rf2 37. Rc6 e3 38. Ke1 f5 39. c3 Rxb2 40. cxd4 Rb5 41. Rc5 Rb1+ 42. Ke2 f4 43. Rc6 Rb2+ 44. Ke1 Kd7 45. Rf6 Rf2 46. Rxa6 Rd2 47. Rf6 Rxd4 48. a6 1/2-1/2

[Event "Tatry op"]
[Site "Tatranske Matliare"]
[Date "2023.05.24"]
[Round "6"]
[White "Pirvulescu, Adrian"]
[Black "Kulich, Filip"]
[Result "1/2-1/2"]
[WhiteElo "1790"]
[BlackElo "1999"]
[PlyCount "43"]
[EventDate "2023.05.20"]
[EventType "swiss"]
[EventRounds "9"]
[EventCountry "SVK"]
[SourceTitle "CBM 214 Extra"]
[Source "ChessBase"]
[SourceDate "2023.07.31"]
[SourceVersion "1"]
[SourceVersionDate "2023.07.31"]
[SourceQuality "1"]

1. e4 c5 2. Nf3 e6 3. d4 cxd4 4. Nxd4 Nf6 5. Nc3 Nc6 6. Ndb5 Bb4 7. a3 Bxc3+ 8. Nxc3 d5 9. exd5 exd5 10. Bb5 a6 11. Bxc6+ bxc6 12. Be3 0-0 13. 0-0 Rb8 14. b3 Bf5 15. Ne2 Re8 16. Bg5 c5 17. Ng3 Be6 18. Nh5 Kh8 19. Bxf6 gxf6 20. Qf3 Rg8 21. Qxf6+ Qxf6 22. Nxf6 1/2-1/2

[Event "SVK-ch U12"]
[Site "Dudince"]
[Date "2023.04.22"]
[Round "8"]
[White "Kulich, Filip"]
[Black "Boros, David"]
[Result "1-0"]
[WhiteElo "1967"]
[BlackElo "1326"]
[PlyCount "145"]
[EventDate "2023.04.16"]
[EventType "swiss"]
[EventRounds "9"]
[EventCountry "SVK"]
[SourceTitle "CBM 213 Extra"]
[Source "ChessBase"]
[SourceDate "2023.05.31"]
[SourceVersion "1"]
[SourceVersionDate "2023.05.31"]
[SourceQuality "1"]

1. e4 e5 2. Nf3 Nf6 3. Nxe5 d6 4. Nf3 Nxe4 5. Nc3 Nxc3 6. dxc3 Nc6 7. Be3 Be6 8. Qd2 Be7 9. Bd3 a6 10. 0-0-0 Qd7 11. Rhe1 0-0-0 12. Ng5 Bxg5 13. Bxg5 f6 14. Bh4 g5 15. Bg3 Rhe8 16. a3 h6 17. Re3 Ne5 18. Bf1 Bf5 19. f3 Bg6 20. Rde1 Nc6 21. Bc4 Ne5 22. Bb3 Bf7 23. Qd4 Bxb3 24. cxb3 Qf7 25. c4 Nd7 26. Bf2 Rxe3 27. Rxe3 Nb6 28. Qe4 f5 29. Qe6+ Qxe6 30. Rxe6 Nd7 31. Rxh6 Ne5 32. Kd2 g4 33. f4 Nd7 34. b4 b6 35. Bd4 Rf8 36. Re6 Kd8 37. Ke2 Re8 38. Rxe8+ Kxe8 39. h4 gxh3 40. gxh3 c5 41. Bc3 Kf7 42. Kf3 Nb8 43. bxc5 dxc5 44. Be5 Nd7 45. h4 Kg6 46. Bc7 a5 47. b3 Kh5 48. Bd8 Kg6 49. Be7 Kh5 50. b4 cxb4 51. axb4 a4 52. b5 Nc5 53. Bxc5 bxc5 54. b6 a3 55. b7 a2 56. b8Q a1Q 57. Qe8+ Kh6 58. Qe6+ Kh7 59. Qxf5+ Kh6 60. Qe6+ Kh7 61. Qf7+ Kh6 62. Qf8+ Kh7 63. Qe7+ Kh6 64. Qxc5 Qf1+ 65. Ke4 Qe2+ 66. Kd5 Qf3+ 67. Ke5 Qe2+ 68. Kf6 Qb2+ 69. Qe5 Qb7 70. Qg5+ Kh7 71. Qh5+ Kg8 72. Qe8+ Kh7 73. Qf7+ 1-0

[Event "SVK-ch U12"]
[Site "Dudince"]
[Date "2023.04.21"]
[Round "7"]
[White "Zelenka, Matej"]
[Black "Kulich, Filip"]
[Result "0-1"]
[WhiteElo "1535"]
[BlackElo "1967"]
[PlyCount "58"]
[EventDate "2023.04.16"]
[EventType "swiss"]
[EventRounds "9"]
[EventCountry "SVK"]
[SourceTitle "CBM 213 Extra"]
[Source "ChessBase"]
[SourceDate "2023.05.31"]
[SourceVersion "1"]
[SourceVersionDate "2023.05.31"]
[SourceQuality "1"]

1. e4 c6 2. Nf3 d5 3. Nc3 Bg4 4. h3 Bxf3 5. Qxf3 Nf6 6. e5 Nfd7 7. d4 e6 8. Nd1 c5 9. c3 Nc6 10. Qd3 Rc8 11. a3 Qb6 12. Be3 c4 13. Qc2 Na5 14. Be2 Nb3 15. Rb1 Be7 16. 0-0 a5 17. f4 f5 18. exf6 gxf6 19. Bh5+ Kd8 20. f5 e5 21. dxe5 Bc5 22. Qf2 Nxe5 23. Kh1 Rc7 24. Bf3 Nd3 25. Qe2 Re8 26. Bxc5 Qxc5 27. Qc2 Ne1 28. Qf2 Qxf2 29. Nxf2 Nxf3 0-1

[Event "SVK-chT2B 2223"]
[Site "Slovakia"]
[Date "2023.03.26"]
[Round "11.4"]
[White "Kulich, Filip"]
[Black "Sevcik, Peter"]
[Result "1-0"]
[WhiteElo "1865"]
[BlackElo "1612"]
[PlyCount "57"]
[EventDate "2022.10.08"]
[EventType "team-tourn"]
[EventRounds "11"]
[EventCountry "SVK"]
[SourceTitle "EXT 2024"]
[Source "ChessBase"]
[SourceDate "2023.10.10"]
[SourceVersion "1"]
[SourceVersionDate "2023.10.10"]
[SourceQuality "1"]
[WhiteTeam "Povazske Podhradie"]
[BlackTeam "Levice II"]
[WhiteTeamCountry "SVK"]
[BlackTeamCountry "SVK"]

1. e4 d6 2. d4 Nd7 3. Nc3 g6 4. f4 Bg7 5. Nf3 c5 6. d5 a6 7. a4 Ngf6 8. Bd3 0-0 9. h3 Re8 10. e5 dxe5 11. fxe5 Nxd5 12. Nxd5 Nxe5 13. Nxe5 Bxe5 14. Qf3 Be6 15. Nf4 Qa5+ 16. Bd2 Qb6 17. Bc3 Bxc3+ 18. bxc3 Qb2 19. 0-0 Rf8 20. Be4 Qb6 21. Rab1 Qa5 22. Rxb7 c4 23. Kh1 Rae8 24. Bc6 Rc8 25. Bd5 Rc7 26. Rxc7 Bxd5 27. Nxd5 f5 28. Nxe7+ Kh8 29. Qe3 1-0

[Event "SVK-chT2B 2223"]
[Site "Slovakia"]
[Date "2022.10.09"]
[Round "2.4"]
[White "Kulich, Filip"]
[Black "Balogh, Peter1111"]
[Result "1/2-1/2"]
[WhiteElo "1865"]
[BlackElo "2074"]
[PlyCount "40"]
[EventDate "2022.10.08"]
[EventType "team-tourn"]
[EventRounds "11"]
[EventCountry "SVK"]
[SourceTitle "CBM 210 Extra"]
[Source "ChessBase"]
[SourceDate "2022.11.30"]
[SourceVersion "1"]
[SourceVersionDate "2022.11.30"]
[SourceQuality "1"]
[WhiteTeam "Povazske Podhradie"]
[BlackTeam "Komarno II"]
[WhiteTeamCountry "SVK"]
[BlackTeamCountry "SVK"]

1. d4 Nf6 2. Nf3 c5 3. d5 e6 4. Nc3 d6 5. e4 Be7 6. Bc4 e5 7. h3 0-0 8. 0-0 a6 9. a4 Ne8 10. Ne1 f5 11. f4 exf4 12. Bxf4 fxe4 13. Nxe4 Bf5 14. Ng3 Bg6 15. a5 Nd7 16. Qe2 Nc7 17. Bd3 Nxd5 18. Bxd6 Rxf1+ 19. Nxf1 Nf8 20. Bxe7 Qxe7 1/2-1/2

[Event "Liptovsky Jan op"]
[Site "Liptovsky Jan"]
[Date "2022.06.26"]
[Round "7"]
[White "Janik, Marek Tobias"]
[Black "Kulich, Filip"]
[Result "1/2-1/2"]
[WhiteElo "1867"]
[BlackElo "1711"]
[PlyCount "94"]
[EventDate "2022.06.23"]
[EventType "swiss"]
[EventRounds "7"]
[EventCountry "SVK"]
[SourceTitle "CBM 209 Extra"]
[Source "ChessBase"]
[SourceDate "2022.09.30"]
[SourceVersion "1"]
[SourceVersionDate "2022.09.30"]
[SourceQuality "1"]

1. e4 c6 2. d4 d5 3. e5 c5 4. dxc5 e6 5. Nf3 Bxc5 6. a3 Ne7 7. Bd3 Ng6 8. 0-0 Nc6 9. Re1 a6 10. Nc3 0-0 11. Qe2 b5 12. Bg5 Nd4 13. Bxd8 Nxe2+ 14. Nxe2 Rxd8 15. Bxg6 hxg6 16. Ned4 Bb7 17. c3 Rac8 18. Rac1 Rc7 19. Nb3 Bb6 20. Nfd4 Rdc8 21. g3 Rc4 22. Kg2 Kf8 23. h4 Rd8 24. f3 Bc8 25. Rh1 Bc7 26. Nd2 Ra4 27. h5 g5 28. h6 g6 29. Rh2 Kg8 30. Rch1 Re8 31. f4 gxf4 32. gxf4 Bb7 33. N2f3 Bd8 34. Ng5 Bxg5 35. fxg5 Rc4 36. Rf1 Rc7 37. Rh3 Ree7 38. Kf2 Rc8 39. Ke1 Rc4 40. Kd2 Bc8 41. b3 Rc5 42. Ne2 Bd7 43. Nf4 Kh7 44. Nd3 Rc8 45. b4 Rc4 46. Rhf3 Be8 47. Rf4 Ra7 1/2-1/2

[Event "Liptovsky Jan op"]
[Site "Liptovsky Jan"]
[Date "2022.06.23"]
[Round "1.49"]
[White "Nedoba, Jakub"]
[Black "Kulich, Filip"]
[Result "0-1"]
[WhiteElo "1158"]
[BlackElo "1711"]
[PlyCount "40"]
[EventDate "2022.06.23"]
[EventType "swiss"]
[EventRounds "7"]
[EventCountry "SVK"]
[SourceTitle "CBM 209 Extra"]
[Source "ChessBase"]
[SourceDate "2022.09.30"]
[SourceVersion "1"]
[SourceVersionDate "2022.09.30"]
[SourceQuality "1"]

1. d4 d5 2. Bf4 Nf6 3. e3 Bf5 4. c4 c6 5. Nc3 e6 6. c5 Nbd7 7. Nf3 Be7 8. b4 b6 9. a4 Nh5 10. Bg3 Nxg3 11. hxg3 a5 12. Ne5 Nxe5 13. dxe5 axb4 14. cxb6 bxc3 15. a5 Bb4 16. Qb3 Qe7 17. a6 c2+ 18. Ke2 0-0 19. Qa4 Qc5 20. b7 Qc4+ 0-1

[Event "SVK-chT3B2 2122"]
[Site "Slovakia"]
[Date "2022.05.08"]
[Round "10.5"]
[White "Kulich, Filip"]
[Black "Csollar, Tibor"]
[Result "1-0"]
[WhiteElo "1682"]
[BlackElo "1736"]
[PlyCount "75"]
[EventDate "2021.10.24"]
[EventType "team-tourn"]
[EventRounds "11"]
[EventCountry "SVK"]
[SourceTitle "EXT 2024"]
[Source "ChessBase"]
[SourceDate "2023.10.10"]
[SourceVersion "1"]
[SourceVersionDate "2023.10.10"]
[SourceQuality "1"]
[WhiteTeam "Povazske Podhradie II"]
[BlackTeam "Chynorany"]
[WhiteTeamCountry "SVK"]
[BlackTeamCountry "SVK"]

1. e4 g6 2. d4 d6 3. c3 Bg7 4. Bd3 Nc6 5. Ne2 Nf6 6. 0-0 0-0 7. h3 b6 8. Ng3 Bd7 9. Qe2 a5 10. f4 Qc8 11. Be3 e6 12. Nd2 Ne7 13. Rae1 c5 14. Nc4 Qb8 15. e5 Ne8 16. exd6 Nxd6 17. Nxb6 Qxb6 18. dxc5 Qc7 19. cxd6 Qxd6 20. Rd1 Qc7 21. Ne4 Nd5 22. Bc1 Bc6 23. a3 Rfd8 24. Qf2 Qe7 25. Qc5 Qa7 26. Kh1 Qc7 27. Bb5 Bxb5 28. Qxb5 Bh6 29. Qa4 Nxf4 30. Rxd8+ Rxd8 31. Bxf4 Bxf4 32. Nf6+ Kg7 33. Qxf4 Qe7 34. Qe5 Qb7 35. Ne8+ Kf8 36. Qh8+ Ke7 37. Rxf7+ Kxf7 38. Qxh7+ 1-0

[Event "SVK-chT3B2 2122"]
[Site "Slovakia"]
[Date "2021.11.07"]
[Round "2.5"]
[White "Kulich, Filip"]
[Black "Huliak, Pavol"]
[Result "1/2-1/2"]
[WhiteElo "1682"]
[BlackElo "1778"]
[PlyCount "120"]
[EventDate "2021.10.24"]
[EventType "team-tourn"]
[EventRounds "11"]
[EventCountry "SVK"]
[SourceTitle "EXT 2023"]
[Source "ChessBase"]
[SourceDate "2022.10.05"]
[SourceVersion "1"]
[SourceVersionDate "2022.10.05"]
[SourceQuality "1"]
[WhiteTeam "Povazske Podhradie II"]
[BlackTeam "Bojnice"]
[WhiteTeamCountry "SVK"]
[BlackTeamCountry "SVK"]

1. e4 d5 2. exd5 Qxd5 3. Nc3 Qa5 4. Bc4 c6 5. d4 Nf6 6. Nge2 Bg4 7. f3 Bd7 8. 0-0 e6 9. Bf4 Be7 10. Qd2 0-0 11. Rad1 Qb4 12. b3 Nd5 13. Bg3 a5 14. Ne4 Qxd2 15. Rxd2 Ne3 16. Rb1 b5 17. Bd3 Na6 18. c3 f5 19. Nf2 g5 20. Nd1 Nd5 21. Bc2 h5 22. Bf2 Kf7 23. Nb2 b4 24. c4 Nc3 25. Ra1 Bf6 26. Nd3 Nxe2+ 27. Rxe2 c5 28. Ne5+ Bxe5 29. Rxe5 cxd4 30. Rxa5 Rfd8 31. Bxd4 Bc6 32. Rd1 Nb8 33. Bb6 Rxd1+ 34. Bxd1 Ke8 35. Rxa8 Bxa8 36. Kf2 Kd7 37. g4 hxg4 38. fxg4 Be4 39. Be3 fxg4 40. Bxg4 Bb1 41. Bxg5 Bxa2 42. Bd1 Bb1 43. Ke3 Nc6 44. h4 Ke8 45. h5 Kf7 46. Bf3 Na5 47. c5 Bf5 48. Be4 Bxe4 49. Kxe4 Nxb3 50. c6 Nc5+ 51. Kd4 Na6 52. Kc4 e5 53. Kb5 b3 54. Kxa6 b2 55. c7 b1Q 56. c8Q Qa1+ 57. Kb7 Qh1+ 58. Qc6 Qxh5 59. Qf6+ Kg8 60. Qxe5 Qf3+ 1/2-1/2